| 000 | 01320nam a2200337 i 4500 | ||
|---|---|---|---|
| 001 | 20558 | ||
| 003 | CO-MdFUSB | ||
| 005 | 20240531062743.0 | ||
| 007 | ta | ||
| 008 | 171117t1997 xxu||||| |||| 00| 0 eng d | ||
| 020 | _a0-8028-4445-6 | ||
| 040 |
_aCO-MdFUSB _bspa _cCO-MdFUSB _dCO-MdFUSBC _erda |
||
| 041 | _aeng | ||
| 082 | 0 | 4 |
_223 _aG 225.92 _bW9471s |
| 100 | 1 |
_aWright, N. T. _eautor |
|
| 245 | 1 | 0 |
_aWhat Saint Paul really said _b: Was Paul of Tarsus the real founder of Christianity? _c/ N. T. Wright |
| 264 | 4 |
_aGrand Rapids, Michigan : _bWilliam B. Eerdmans Publishing, _c©1997 |
|
| 300 |
_a192 páginas _c; 23 cm |
||
| 336 |
_2rdacontent _atexto _btxt |
||
| 337 |
_2rdamedia _asin mediación _bn |
||
| 338 |
_2rdacarrier _avolumen _bnc |
||
| 505 | _aCavilando sobre Paul -- Saulo el perseguidor, Pablo el converso -- Heraldo del rey -- Pablo y Jesús -- Buenas noticias para los paganos -- Buenas noticias para Israel -- Justificación y la iglesia -- La humanidad renovada de Dios -- El evangelio de Pablo entonces y ahora -- Pablo, Jesús y los orígenes cristianos | ||
| 563 | _aRústico | ||
| 650 | 7 |
_aTeología doctrinal _9179 |
|
| 650 | 7 |
_aCristianismo _2 _922 |
|
| 653 | _aApóstol Pablo | ||
| 653 | _aCristianismo - Biografías | ||
| 942 | _cBK | ||
| 945 | _aAF | ||
| 999 |
_c46909 _d46909 |
||